000 00509nam a2200181 4500
001 132330
003 ES-MaACL
005 20240531062943.0
007 t|
008 070214s1963 sp r ||||1| spa d
100 1 _aRomero Pérez, Luis,
_d1916-2009
_999338
245 1 3 _aEl cacique
_b: novela /
_cLuis Romero.
260 _aBarcelona :
_bPlaneta,
_c1963.
300 _a346 p. ;
_c19 cm.
500 _aPremio Planeta 1963.
852 _aES-MaACL
_jC-24671
_bR.53484
999 _c132330
_d132330